000 01010nas a2200253Ia 4500
001 R142/C2869
003 IT-RoPAU
008 151124c99999999xx |||||||||||| ||und||
040 _aIT-RoPAU
040 _cIT-RoPAU
041 _aFRANCESE
100 _aMessika Liliane
_gCodice Aut. SPICS: 46071
210 _aRESEAUX
222 _aReseaux
245 _aRESEAUX, N.064 (MARZO/APRILE 1994)
_bDircoms Et Journalistes: Une Convergence Du Flou
250 _a1a ed.
260 _aPARIS
_bCNET
_c1994
501 _bPaulus - SPICS - Società San Paolo EM (non-commercial uses only)
_cCopyright2015
300 _a22 p. [53-74]
362 _aN.064 (MARZO/APRILE 1994)
500 _aDirettori della Comunicazione e Giornalisti: una Convergenza del Vago. Emergenza dei Direttori della Comunicazione. Dal Prodotto All'Immagine: una Nuova Funzione. Attori. Legittimità del Direttore della Comunicazione in Seno All'Impresa. Direttori della C
650 _aCOMUNICAZIONE
_vPUBBLICAZIONE PERIODICA
942 _cCR
999 _c193037
_d193037